Особенности современного понимания проблемы (проблемного); Дефиниции культуры; Вып. 5

Detaylı Bibliyografya
Parent link:Дефиниции культуры: сборник.— , 1994-
Вып. 5.— 2001.— С. 139-144
Yazar: Ардашкин И. Б. Игорь Борисович
Özet:В фонде НТБ ТПУ отсутствует
Dil:Rusça
Baskı/Yayın Bilgisi: 2001
Konular:
Materyal Türü: MixedMaterials Kitap Bölümü
KOHA link:https://koha.lib.tpu.ru/cgi-bin/koha/opac-detail.pl?biblionumber=598560

MARC

LEADER 00000naa0a2200000 4500
001 598560
005 20250325141202.0
035 |a (RuTPU)RU\TPU\tpu\22218 
035 |a RU\TPU\tpu\22157 
090 |a 598560 
100 |a 20121211d2001 k y0rusy50 ca 
101 0 |a rus 
102 |a RU 
200 1 |a Особенности современного понимания проблемы (проблемного)  |f И. Б. Ардашкин 
333 |a В фонде НТБ ТПУ отсутствует 
461 |t Дефиниции культуры  |o сборник  |d 1994- 
463 |t Вып. 5  |v С. 139-144  |d 2001 
610 1 |a труды учёных ТПУ 
700 1 |a Ардашкин  |b И. Б.  |c философ  |c профессор Томского политехнического университета, доктор философских наук  |f 1972-  |g Игорь Борисович  |3 (RuTPU)RU\TPU\pers\25417  |9 11359 
801 1 |a RU  |b 63413507  |c 20121204 
801 2 |a RU  |b 63413507  |c 20121211  |g RCR 
942 |c CR